00310nam a2200121Ia 4500008004100000020001500041041001200056100001500068245005200083260003500135300000800170650001000178221030s9999 xx 000 0 und d a9380931463 aEnglish aC. Decolon 0aAnalysis of Composite Structurescby C. Decolon bReed ElsevieraNew Delhic2013 a336 aCivil